Pensiero-occhio : I love theatre /

Uloženo v:
Podrobná bibliografie
Korporativní autor: Masque teatro
Médium: Kniha
Jazyk:italština
Vydáno: [S.l. : s. n.], 2001
Tagy: Přidat tag
Žádné tagy, Buďte první, kdo vytvoří štítek k tomuto záznamu!

MARC

LEADER 00000nam a22000007i 4500
001 IT\ICCU\UBO\3658736
003 ItRI
005 20260115232442.0
008 090630s2001 it |||||| ||||| |||||c
040 |b ita  |c importazione bologna sebina 
041 7 |a ita  |2 ISO-639-2 
245 0 0 |a Pensiero-occhio :  |b I love theatre /  |c [organizzazione e cura di Masque teatro]. 
260 |a [S.l. :  |b s. n.],  |c 2001 
300 |a 32 p. ;  |c 15 cm 
500 |a Programma del festival Crisalide, dal 20 al 23 settembre 2001, 8. ed. 
710 2 |a Masque teatro  |0 IT\ICCU\UBOV\346161 
942 |2 ddc  |c BK  |n 0 
952 |0 0  |1 0  |4 0  |6 DOC_792_079000000000000_MAS  |7 0  |9 26019  |a BO  |b BO  |d 2026-01-15  |i 5982  |l 0  |o DOC 792.079 MAS  |p BO5982  |r 2026-01-15 23:24:42  |w 2026-01-15  |x [Sebina 5] [1 v. (2. copia)]  |y BK  |z 1 v. (2. copia) 
952 |0 0  |1 0  |4 0  |6 DOC_792_079000000000000_MAS  |7 0  |9 26020  |a BO  |b BO  |d 2026-01-15  |i 5966  |l 0  |o DOC 792.079 MAS  |p BO5966  |r 2026-01-15 23:24:42  |w 2026-01-15  |x [Sebina 7] [1 v.]  |y BK  |z 1 v. 
999 |c 22040  |d 22040